| 000 | 00461nam a2200109Ia 4500 | ||
|---|---|---|---|
| 008 | 171204s9999 xx 000 0 und d | ||
| 245 | _aCreating E-Learning Games with Unity: Develop your own 3D e-learning game using gamification, systems design, and gameplay programming techniques | ||
| 245 | _cDavid Horachek | ||
| 260 | _c2014 | ||
| 650 | _xGAME DESIGN AND PRODUCTION | ||
| 856 | _uhttp://down.ebook777.com/020/Creating%20E-Learning%20Games%20with%20Unity.pdf | ||
| 999 |
_c346328 _d346328 |
||